Taxation of vehicles according to emissions of carbon dioxide /

Hlavní autor: David, Petr, 1978-
Další autoři: Andrlík, Břetislav, Ptáčková Mísařová, Petra
Jazyk: Angličtina
Vydáno: Brno : Akademické nakladatelství CERM, 2013
Vydání: Vyd. 1.
Témata:
Fyzický popis: 106 s. : il. ; 21 cm
Knihy
Uloženo v:
LEADER 02590nam a2200673 a 4500
001 nkc20142541380
003 CZ PrNK
005 20140409151639.0
007 ta
008 140122s2013 xr a f 000 0 eng
015 |a cnb002541380 
020 |a 978-80-7204-857-1  |q (brož.) 
035 |a (OCoLC)879564317 
040 |a BOA001  |b cze  |d ABA001  |d OLA001 
043 |a e-xr---  |a e------ 
072 7 |a 336.1/.5  |x Veřejné finance  |2 Konspekt  |9 4 
080 |a 336.226.4  |2 MRF 
080 |a 336.226.44  |2 MRF 
080 |a 629.33  |2 MRF 
080 |a 621.43.068  |2 MRF 
080 |a 504.5:502.3  |2 MRF 
080 |a 546.264-31  |2 MRF 
080 |a (437.3)  |2 MRF 
080 |a (4)  |2 MRF 
080 |a (048.8:082)  |2 MRF 
100 1 |a David, Petr,  |d 1978-  |7 xx0057731  |4 aut 
245 1 0 |a Taxation of vehicles according to emissions of carbon dioxide /  |c Petr David, Břetislav Andrlík, Petra Ptáčková Mísařová 
250 |a Vyd. 1. 
260 |a Brno :  |b Akademické nakladatelství CERM,  |c 2013 
300 |a 106 s. :  |b il. ;  |c 21 cm 
500 |a 200 výt. 
504 |a Obsahuje bibliografii 
650 0 7 |a silniční daň  |7 ph125531  |z Česko  |2 czenas 
650 0 7 |a environmentální daně  |7 ph134665  |z Česko  |2 czenas 
650 0 7 |a silniční daň  |7 ph125531  |z země Evropské unie  |2 czenas 
650 0 7 |a environmentální daně  |7 ph134665  |z země Evropské unie  |2 czenas 
650 0 7 |a motorová vozidla  |7 ph115361  |2 czenas 
650 0 7 |a výfukové plyny  |7 ph127432  |2 czenas 
650 0 7 |a emise znečišťujících látek  |7 ph135527  |2 czenas 
650 0 7 |a oxid uhličitý  |7 ph123881  |2 czenas 
650 0 9 |a road traffic tax  |z Czechia  |2 eczenas 
650 0 9 |a environmental impact charges  |z Czechia  |2 eczenas 
650 0 9 |a road traffic tax  |z European Union countries  |2 eczenas 
650 0 9 |a environmental impact charges  |z European Union countries  |2 eczenas 
650 0 9 |a motor vehicles  |2 eczenas 
650 0 9 |a exhaust gases  |2 eczenas 
650 0 9 |a air pollutant emission  |2 eczenas 
650 0 9 |a carbon dioxide  |2 eczenas 
655 7 |a kolektivní monografie  |7 fd501537  |2 czenas 
655 9 |a collective monographs  |2 eczenas 
700 1 |a Andrlík, Břetislav  |7 jx20110323002  |4 aut 
700 1 |a Ptáčková Mísařová, Petra  |7 mzk2014813525  |4 aut 
910 2 |a BOA001  |b 2-1323.519 
928 9 |a CERM 
990 |a BK 
995 |a 01 
991 |b 201404  |c NOV  |j 336.2 DAV  |e n 
996 6 |b 2610585766  |c 2-1323.519  |l MZK  |r Sklad / do 1 hodiny  |n 8  |p p.v.  |w 001410154  |u 000010  |a 1  |e BOA001  |j MZK50  |s P 
996 7 |b 2610585767  |c 2-1323.519  |l MZK  |r Sklad / do 1 hodiny  |n 15  |p p.v.  |w 001410154  |u 000020  |a 1  |e BOA001  |j MZK50  |s A